Memorias de un telegrafista en Madrid / (Record no. 192047)

MARC details
000 -LEADER
campo de control de longitud fija 00927nam a2200265 i 4500
001 - NÚMERO DE CONTROL
campo de control 192047
003 - IDENTIFICADOR DE NÚMERO DE CONTROL
campo de control SpMaBN
005 - FECHA Y HORA DE LA ÚLTIMA TRANSACCIÓN
campo de control 20240209063128.0
008 - DATOS DE LONGITUD FIJA--INFORMACIÓN GENERAL
campo de control de longitud fija 221102s2021 sp a | |||| 000 f spa
017 ## - NÚMERO DE COPYRIGHT O DE DEPÓSITO LEGAL
Número de copyright o de depósito legal M 9624-2021
Agencia que asigna Oficina Depósito Legal Madrid
020 ## - NÚMERO INTERNACIONAL ESTÁNDAR DEL LIBRO
Número Internacional Estándar del Libro 9788477316602
040 ## - FUENTE DE CATALOGACIÓN
Centro catalogador/agencia de origen SpMaBN
Lengua de catalogación spa
Centro/agencia transcriptor SpMaBN
Normas de descripción rda
080 ## - NÚMERO DE LA CLASIFICACIÓN DECIMAL UNIVERSAL
Número de la Clasificación Decimal Universal 821.134.2-31"19"
100 1# - ENTRADA PRINCIPAL--NOMBRE DE PERSONA
Nombre de persona Martínez Sánchez, María José,
Fechas asociadas al nombre 1939-
Término indicativo de función/relación Autor
9 (RLIN) 155341
245 10 - MENCIÓN DEL TÍTULO
Título Memorias de un telegrafista en Madrid /
Mención de responsabilidad, etc. María José Martínez Sánchez.
264 #1 - PRODUCCIÓN, PUBLICACIÓN, DISTRIBUCIÓN, FABRICACIÓN Y COPYRIGHT
Producción, publicación, distribución, fabricación y copyright Madrid :
Nombre del de productor, editor, distribuidor, fabricante Endymion,
Fecha de producción, publicación, distribución, fabricación o copyright [2021]
300 ## - DESCRIPCIÓN FÍSICA
Extensión 520 páginas :
Otras características físicas ilustraciones (blanco y negro) ;
Dimensiones 24 cm
500 ## - NOTA GENERAL
Nota general Índice
504 ## - NOTA DE BIBLIOGRAFÍA, ETC.
Nota de bibliografía, etc. Bibliografía: páginas 517-520
655 #7 - TERMINO DE INDIZACIÓN--GENERO/FORMA
9 (RLIN) 235110
Datos o término principal de género/forma Novelas de costumbres
852 4# - LOCALIZACIÓN
Ubicación ES-MaACL
Número de control de estantería N-8220
Ubicación en estantería Depósito J
Donativo/Legado Donación: Editorial
itemnumber 199329
942 ## - ELEMENTOS DE ENTRADA SECUNDARIOS (KOHA)
Tipo de ítem Koha Libro impreso
Suprimir en OPAC No
Holdings
Estatus retirado Estado de pérdida Fuente del sistema de clasificación o colocación Estado de daño No para préstamo Biblioteca de origen Biblioteca actual Ubicación en estantería Fecha de adquisición Total de préstamos Signatura topográfica completa Código de barras Visto por última vez Tipo de ítem Koha
    Clasificación decimal universal     Biblioteca del Ateneo de Madrid Biblioteca del Ateneo de Madrid Depósito J 02/11/2022   N-8220 101206689 23/02/2023 Libro impreso